00260nam a2200097Ia 4500008004000000082001700040100002500057245002700082260004500109300000800154210210b2000 xxu||||| |||| 00| 0 eng d a891.468 GOMK aGOMES (Olivinho J F) aKonkani manasagangotri aGoa.bKonkani Sorospot Prakashan.,c2000 a342